00281nam a2200109Ia 4500008004100000100001800041245004000059260004100099300000900140942000700149999001500156190216s9999||||xx |||||||||||||| ||und|| aMaheswari S N 0aPrinciples Of Management Accounting bPrentice Hall Of India Pvt Ltdc1982 a378p cBK c5233d5233